Statistiken für Europäische Länder mit Dinosaurierfossilien

Klicken Sie hier um das Quiz zu spielen!

Allgemein

  • Dieses Quiz wurde 154 mal gespielt
  • Das Durchschnittsergebnis liegt bei 11 aus 15

Antwortstatistiken

Dinosaurier-Länder% Korrekt
Deutschland
98%
Frankreich
96%
Italien
90%
Russland
81%
Schweiz
81%
Österreich
80%
Belgien
77%
Niederlande
68%
Portugal
68%
Ukraine
66%
Rumänien
62%
Bulgarien
60%
Großbritannien
58%
Ungarn
57%
Dänemark
56%

Verteilung der Resultate

Perzentil nach korrekt beantworteten Fragen

Anzahl Personen mit jedem Resultat

Ihre Resultats-Entwicklung

Sie haben dieses Quiz noch nicht gespielt